000 00358 a2200169 4500
001 73793
020 _a97885126255
040 _cAnchieta - Colégio São Paulo
100 _aBertin, Terezinha
240 1 0 _aTramas e textos
_lpor
245 1 0 _aTramas e textos
300 _a304
362 0 _a0
440 1 _aÁtica
650 4 _aPortuguês
942 _cBK
999 _c73793
_d73793